<?xml version="1.0" encoding="UTF-8"?>
<record
    xmlns:xsi="http://www.w3.org/2001/XMLSchema-instance"
    xsi:schemaLocation="http://www.loc.gov/MARC21/slim http://www.loc.gov/standards/marcxml/schema/MARC21slim.xsd"
    xmlns="http://www.loc.gov/MARC21/slim">

  <leader>00509nam a22001697a 4500</leader>
  <controlfield tag="003">OSt</controlfield>
  <controlfield tag="005">20230922112550.0</controlfield>
  <controlfield tag="008">210326b           ||||| |||| 00| 0 eng d</controlfield>
  <datafield tag="020" ind1=" " ind2=" ">
    <subfield code="a">9789389579505</subfield>
  </datafield>
  <datafield tag="082" ind1=" " ind2=" ">
    <subfield code="a">536.7</subfield>
    <subfield code="b">AG1T</subfield>
  </datafield>
  <datafield tag="100" ind1=" " ind2=" ">
    <subfield code="a">Agarwal, J. P.</subfield>
  </datafield>
  <datafield tag="245" ind1=" " ind2=" ">
    <subfield code="a">Thermal physics : heat &amp; thermodynamics and statistical physics</subfield>
    <subfield code="c">by J.P.  Agarwal and Satya Prakash</subfield>
  </datafield>
  <datafield tag="260" ind1=" " ind2=" ">
    <subfield code="a">Meerut</subfield>
    <subfield code="b">Pragati Prakashan</subfield>
    <subfield code="c">2020</subfield>
  </datafield>
  <datafield tag="300" ind1=" " ind2=" ">
    <subfield code="a">426+67p.</subfield>
  </datafield>
  <datafield tag="653" ind1=" " ind2=" ">
    <subfield code="a">Thermodynamics; Statistical mechanics</subfield>
  </datafield>
  <datafield tag="942" ind1=" " ind2=" ">
    <subfield code="2">ddc</subfield>
    <subfield code="c">BK</subfield>
  </datafield>
  <datafield tag="999" ind1=" " ind2=" ">
    <subfield code="c">26680</subfield>
    <subfield code="d">26680</subfield>
  </datafield>
  <datafield tag="952" ind1=" " ind2=" ">
    <subfield code="0">0</subfield>
    <subfield code="1">0</subfield>
    <subfield code="2">ddc</subfield>
    <subfield code="4">0</subfield>
    <subfield code="7">0</subfield>
    <subfield code="8">TXB</subfield>
    <subfield code="a">CURAJ</subfield>
    <subfield code="b">CURAJ</subfield>
    <subfield code="d">2023-09-22</subfield>
    <subfield code="e">PHY</subfield>
    <subfield code="g">455.00</subfield>
    <subfield code="l">4</subfield>
    <subfield code="o">536.7 AG1T</subfield>
    <subfield code="p">42118</subfield>
    <subfield code="r">2025-11-21</subfield>
    <subfield code="s">2025-11-07</subfield>
    <subfield code="w">2023-09-22</subfield>
    <subfield code="y">BK</subfield>
  </datafield>
  <datafield tag="952" ind1=" " ind2=" ">
    <subfield code="0">0</subfield>
    <subfield code="1">0</subfield>
    <subfield code="2">ddc</subfield>
    <subfield code="4">0</subfield>
    <subfield code="7">0</subfield>
    <subfield code="8">TXB</subfield>
    <subfield code="a">CURAJ</subfield>
    <subfield code="b">CURAJ</subfield>
    <subfield code="d">2023-09-22</subfield>
    <subfield code="e">PHY</subfield>
    <subfield code="g">455.00</subfield>
    <subfield code="l">12</subfield>
    <subfield code="o">536.7 AG1T</subfield>
    <subfield code="p">42117</subfield>
    <subfield code="r">2026-04-13</subfield>
    <subfield code="s">2026-03-27</subfield>
    <subfield code="w">2023-09-22</subfield>
    <subfield code="y">BK</subfield>
  </datafield>
  <datafield tag="952" ind1=" " ind2=" ">
    <subfield code="0">0</subfield>
    <subfield code="1">0</subfield>
    <subfield code="2">ddc</subfield>
    <subfield code="4">0</subfield>
    <subfield code="7">0</subfield>
    <subfield code="8">TXB</subfield>
    <subfield code="a">CURAJ</subfield>
    <subfield code="b">CURAJ</subfield>
    <subfield code="d">2023-09-22</subfield>
    <subfield code="e">PHY</subfield>
    <subfield code="g">455.00</subfield>
    <subfield code="l">12</subfield>
    <subfield code="o">536.7 AG1T</subfield>
    <subfield code="p">42116</subfield>
    <subfield code="r">2026-06-05</subfield>
    <subfield code="s">2026-05-19</subfield>
    <subfield code="w">2023-09-22</subfield>
    <subfield code="y">BK</subfield>
  </datafield>
  <datafield tag="952" ind1=" " ind2=" ">
    <subfield code="0">0</subfield>
    <subfield code="1">0</subfield>
    <subfield code="2">ddc</subfield>
    <subfield code="4">0</subfield>
    <subfield code="7">0</subfield>
    <subfield code="8">TXB</subfield>
    <subfield code="a">CURAJ</subfield>
    <subfield code="b">CURAJ</subfield>
    <subfield code="d">2023-09-22</subfield>
    <subfield code="e">PHY</subfield>
    <subfield code="g">455.00</subfield>
    <subfield code="l">5</subfield>
    <subfield code="o">536.7 AG1T</subfield>
    <subfield code="p">42119</subfield>
    <subfield code="r">2025-04-30</subfield>
    <subfield code="s">2025-04-08</subfield>
    <subfield code="w">2023-09-22</subfield>
    <subfield code="y">BK</subfield>
  </datafield>
</record>
